Proyecto y construcción de una nación : (1846-1880) /

Éste es un libro ineludible para quien desee comprender la génesis política de nuestro país. Aquí se reúnen textos de una treintena de autores representativos de un período complejo y contradictorio de la historia argentina: Sarmiento, Alberdi, Hilario Ascasubi, Florencio Varela, Félix Frías, José H...

Full description

Bibliographic Details
Main Author: Halperin Donghi, Tulio 1926-
Format: Libro
Language:Spanish
Published: Buenos Aires Ariel 1995
Series:Ariel historia. Biblioteca del pensamiento argentino 2
Subjects:
Online Access:

MARC

LEADER 00000cam a2200000 a 4500
001 023578
003 UAHC_CL
005 20170803122252.0
008 060921b1995 ag 000 spa
020 |a 9509122297 
040 |a UAHC_CL  |c UAHC_CL  |d UAHC_CL 
100 1 |a Halperin Donghi, Tulio  |d 1926- 
245 1 0 |a Proyecto y construcción de una nación :  |b (1846-1880) /  |c Tulio Halperin Donghi. 
260 |b Ariel  |a Buenos Aires  |c 1995 
300 |a 631 p. 
490 0 |a Ariel historia. Biblioteca del pensamiento argentino  |v 2 
520 |a Éste es un libro ineludible para quien desee comprender la génesis política de nuestro país. Aquí se reúnen textos de una treintena de autores representativos de un período complejo y contradictorio de la historia argentina: Sarmiento, Alberdi, Hilario Ascasubi, Florencio Varela, Félix Frías, José Hernández, Esteban Echeverría, Bartolomé Mitre, Carlos Guido y Spano, Mariano Fragueiro y Vicente F. López, entre otros. El autor nos dice: «La excepcionalidad argentina radica en que sólo allí iba a aparecer realizada una aspiración compartida y muy constantemente frustrada en el resto de Hispanoamérica: el progreso argentino es la encarnación en el cuerpo de la nación de lo que comenzó por ser un proyecto formulado en los escritos de algunos argentinos, cuya única arma política era su superior clarividencia». 
651 4 |a ARGENTINA  |x HISTORIA  |y 1846-1880 
653 |a LICENCIATURA EN HISTORIA 
658 |a Benavides Arias, Leopoldo 
900 |a 982.04 HAL 
942 |c BK 
952 |0 0  |1 0  |4 0  |6 982_040000000000000_HAL  |7 0  |8 General  |9 47122  |a BC  |b BC  |c General  |d 2017-08-03  |o 982.04 HAL  |p 1355859  |r 2026-01-13 00:00:00  |t 1  |w 2017-08-03  |y BK 
999 |c 23578  |d 23578